000 00727nam a2200217 a 4500
999 _c11565
_d11565
001 11565
003 BD-JhCC
005 20220817134023.0
008 200329s20182019b |||| |||| 000 0 ben d
020 _a9789849266396
035 _a(BD-JhCC)11565
040 _aBD-JhCC
_dBD-JhCC
041 _aben
082 _a005.8
_bMAH 2019
100 _aমাহবুব, ঝংকার
245 _aপ্রোগ্রামিংয়ের চৌদ্দগোষ্ঠী /
_cঝংকার মাহবুব
260 _aঢাকা :
_bআদর্শ,
_c২০১৯.
300 _a১৮৩ পৃ. :
_bচিত্রাবলী
_c২০ সেমি.
650 _aComputer program language
942 _2ddc
_cBK
_04